00226nam a2200097Ia 4500008004100000100002400041245002200065260001700087942000700104999001700111190216s9999||||xx |||||||||||||| ||und|| aEkambara Nath Ayyer 0aManual Of Zoology bKerala Shaka cBK c37331d37331